[Event "2nd GMA World Cup prel  #2"]
[Site "Moscow URS"]
[Date "1989.??.??"]
[Round "9"]
[White "Stefansson, Hannes Hlifar"]
[Black "Lerner, Konstantin"]
[Result "0-1"]
[WhiteElo "2480"]
[BlackElo "2535"]
[EventDate "1989.05.??"]
[PlyCount "142"]

1.e4 c5 2.Nf3 d6 3.d4 cxd4 4.Nxd4 Nf6 5.Nc3 Nc6 6.Bc4 e6 7.Be3 a6 8.Bb3 
Qc7 9.f4 Be7 10.Qf3 O-O 11.O-O-O b5 12.g4 Nxd4 13.Bxd4 b4 14.g5 Nd7 15.Na4
Nc5 16.Nxc5 dxc5 17.Be5 Qc6 18.Qd3 Ra7 19.Qe2 a5 20.Bc4 Ba6 21.Rhg1 Bxc4 
22.Qxc4 Rd7 23.Rxd7 Qxd7 24.Rd1 Qc6 25.Qd3 f6 26.gxf6 Bxf6 27.Bd6 c4 28.
Qe3 Re8 29.e5 Bh4 30.Rg1 c3 31.b3 Qb7 32.Qc5 Qe4 33.Kb1 Qxf4 34.Qxa5 Qxh2 
35.Qa7 Bg3 36.Rf1 Qh5 37.Qe3 Qg6 38.Rg1 Bf4 39.Qd4 Qf5 40.Qxb4 Bd2 41.a4 
h5 42.Qb5 Rd8 43.Qc4 Qf7 44.Qh4 Ra8 45.Rh1 g6 46.Qc4 g5 47.Rf1 Bf4 48.Qxc3
h4 49.Qc6 Ra7 50.Bb8 Rb7 51.Qc8+ Kg7 52.Rd1 h3 53.a5 Be3 54.a6 Re7 55.Qc6 
h2 56.Qg2 Qf2 57.Qxf2 Bxf2 58.Rh1 Bg1 59.a7 Bxa7 60.Bd6 Rb7 61.Rxh2 Kg6 
62.Kc1 g4 63.Kd2 Kf5 64.Rh5+ Ke4 65.Ke2 Rf7 66.Rh2 g3 67.Rg2 Rf3 68.Bb4 
Re3+ 69.Kf1 Kf3 70.c4 Rxb3 71.Be1 Bf2 0-1

[Event "2nd GMA World Cup prel  #2"]
[Site "Moscow URS"]
[Date "1989.??.??"]
[Round "9"]
[White "Cvitan, Ognjen"]
[Black "Huzman, Alexander"]
[Result "1-0"]
[WhiteElo "2525"]
[BlackElo "2480"]
[EventDate "1989.05.??"]
[PlyCount "91"]

1.d4 Nf6 2.c4 g6 3.Nf3 Bg7 4.g3 O-O 5.Bg2 d5 6.cxd5 Nxd5 7.O-O Nb6 8.Nc3 
Nc6 9.e3 Re8 10.d5 Na5 11.Nd4 Bd7 12.e4 c6 13.b3 cxd5 14.exd5 e6 15.dxe6 
Bxe6 16.Be3 Bd5 17.Rc1 Bxg2 18.Kxg2 Nd5 19.Nxd5 Qxd5+ 20.Nf3 Qxd1 21.Rfxd1
Re7 22.b4 Nc6 23.b5 Ne5 24.a4 Nxf3 25.Kxf3 b6 26.Rc6 Be5 27.Bh6 f6 28.Be3 
Kf7 29.Rd2 Re6 30.Rd7+ Re7 31.Rxe7+ Kxe7 32.Bf4 Bxf4 33.Kxf4 Rd8 34.Ke4 
Rd7 35.h4 Kf7 36.g4 Ke7 37.g5 fxg5 38.hxg5 Kf7 39.Ke5 Ke7 40.Rc8 Kf7 41.f4
a6 42.Rh8 Kg7 43.Rb8 axb5 44.axb5 Rf7 45.Rxb6 Rf5+ 46.Ke4 1-0

[Event "2nd GMA World Cup prel  #2"]
[Site "Moscow URS"]
[Date "1989.??.??"]
[Round "9"]
[White "Kochiev, Alexander"]
[Black "Balashov, Yury"]
[Result "1/2-1/2"]
[WhiteElo "2475"]
[BlackElo "2530"]
[EventDate "1989.05.??"]
[PlyCount "120"]

1.d4 e6 2.Nf3 d5 3.g3 c5 4.Bg2 cxd4 5.Nxd4 Nf6 6.O-O e5 7.Nb3 Nc6 8.Bg5 
Be6 9.Nc3 d4 10.Ne4 Be7 11.Bxf6 gxf6 12.c3 dxc3 13.Nxc3 f5 14.e4 Qxd1 15.
Rfxd1 fxe4 16.Bxe4 Rc8 17.Bd5 Bxd5 18.Rxd5 Rd8 19.Rad1 Rxd5 20.Nxd5 f5 21.
Ne3 Rf8 22.Rd5 Rf6 23.Nc4 e4 24.Rb5 b6 25.Ne3 f4 26.Nd5 Rd6 27.Nxf4 Bf6 
28.Nd5 Bxb2 29.Nd2 e3 30.fxe3 Bg7 31.Ne4 Rh6 32.Kg2 Ne7 33.Nb4 a5 34.Nd3 
Rc6 35.a4 Kd7 36.Kf3 Kc7 37.Nf4 Ng6 38.Ng5 Nxf4 39.gxf4 h6 40.Rf5 hxg5 41.
Rf7+ Kd8 42.Rxg7 gxf4 43.exf4 Ke8 44.h4 Kf8 45.Rb7 Rc4 46.Rxb6 Rxa4 47.Rb7
Ra1 48.Ra7 a4 49.Kg4 a3 50.Kf5 a2 51.Kf6 Kg8 52.f5 Kh8 53.h5 Kg8 54.Rg7+ 
Kh8 55.Rg2 Kh7 56.h6 Kh8 57.Kg6 Kg8 58.f6 Rh1 59.h7+ Rxh7 60.Rxa2 Rg7+ 
1/2-1/2

[Event "2nd GMA World Cup prel  #2"]
[Site "Moscow URS"]
[Date "1989.??.??"]
[Round "9"]
[White "Vaiser, Anatoly"]
[Black "Lau, Ralf"]
[Result "1-0"]
[WhiteElo "2525"]
[BlackElo "2475"]
[EventDate "1989.05.??"]
[PlyCount "119"]

1.d4 e6 2.c4 Bb4+ 3.Bd2 a5 4.Nf3 d6 5.g3 f5 6.Bg2 Nf6 7.O-O Bxd2 8.Qxd2 
Ne4 9.Qe3 O-O 10.Nc3 Nxc3 11.Qxc3 Nd7 12.Rfe1 Nf6 13.Nd2 d5 14.Nf3 c6 15.
Ne5 Bd7 16.c5 Qc7 17.b4 axb4 18.Qxb4 Ra7 19.a4 Rfa8 20.Reb1 Bc8 21.e3 Nd7 
22.Nd3 e5 23.dxe5 Qa5 24.Qd4 Nf8 25.Rb4 Ne6 26.Qc3 Nc7 27.Qc2 Na6 28.Rh4 
Bd7 29.Bh3 Re8 30.Rb1 Bc8 31.Rf4 g6 32.g4 fxg4 33.Bxg4 Bxg4 34.Rxg4 Qc7 
35.Kh1 Qf7 36.Rf4 Qg7 37.Qb2 Re7 38.Rg1 Ra8 39.Rf6 Rf7 40.Qd4 Raf8 41.Rd6 
Re7 42.Qh4 Nc7 43.Qg4 Ne8 44.Rd8 Qf7 45.Rg3 Ng7 46.Rxf8+ Qxf8 47.Rf3 Nf5 
48.Rf4 Kh8 49.Qg5 Re6 50.Kg1 Qa8 51.Rb4 Kg8 52.Rb6 Re7 53.Qg4 Qf8 54.a5 d4
55.e4 Nh6 56.Qg5 Nf7 57.Qg3 Qa8 58.a6 Nd8 59.e6 Kf8 60.Qe5 1-0

[Event "2nd GMA World Cup prel  #2"]
[Site "Moscow URS"]
[Date "1989.??.??"]
[Round "9"]
[White "Anand, Viswanathan"]
[Black "Mikhalchishin, Adrian"]
[Result "0-1"]
[WhiteElo "2525"]
[BlackElo "2475"]
[EventDate "1989.05.??"]
[PlyCount "84"]

1.e4 e5 2.Nf3 Nc6 3.Bb5 a6 4.Ba4 Nf6 5.O-O b5 6.Bb3 Bb7 7.c3 Nxe4 8.d4 Na5
9.Nxe5 Nxb3 10.Qxb3 Qf6 11.f3 Nc5 12.Qd1 Ne6 13.a4 Bd6 14.Qe2 c5 15.axb5 
cxd4 16.Nc4 Bc5 17.cxd4 Bxd4+ 18.Kh1 O-O 19.b6 Bc6 20.Be3 d5 21.Nca3 Bxe3 
22.Qxe3 Qxb2 23.Nd2 d4 24.Qf2 Qxb6 25.Nac4 Qd8 26.Rfd1 Bb5 27.Ne5 Qd5 28.
Qg3 Nc5 29.Rac1 Rae8 30.Re1 Qd6 31.f4 f6 32.Ng4 Kh8 33.Nf2 d3 34.Qf3 Ne6 
35.f5 Nd4 36.Qg4 Ne2 37.Rb1 Nc3 38.Ra1 Re5 39.Nh3 Rfe8 40.Rf1 Ne2 41.Nf3 
Re4 42.Qh5 Nf4 0-1

[Event "2nd GMA World Cup prel  #2"]
[Site "Moscow URS"]
[Date "1989.??.??"]
[Round "9"]
[White "Anastasian, Ashot"]
[Black "Krasenkov, Mikhail"]
[Result "1-0"]
[WhiteElo "2475"]
[BlackElo "2525"]
[EventDate "1989.05.??"]
[PlyCount "93"]

1.d4 Nf6 2.c4 e6 3.Nf3 b6 4.Nc3 Bb7 5.a3 Ne4 6.Qc2 Nxc3 7.Qxc3 Be7 8.Bf4 
O-O 9.e3 d6 10.Bd3 f5 11.h4 Bf6 12.Qc2 Qe7 13.Bg5 Nd7 14.O-O-O h6 15.Bxf6 
Qxf6 16.h5 c5 17.Nh4 cxd4 18.exd4 b5 19.c5 Qxd4 20.Ng6 Qxc5 21.Nxf8 Rxf8 
22.Qxc5 Nxc5 23.f3 Nb3+ 24.Kb1 Nd4 25.Rhe1 e5 26.b4 Re8 27.Bf1 Kf7 28.Rxd4
exd4 29.Rxe8 Kxe8 30.Bxb5+ Ke7 31.Kc2 Kf6 32.Kd3 Ke5 33.a4 f4 34.Bd7 Bd5 
35.a5 Ba2 36.Bc6 d5 37.Bb5 Bb1+ 38.Kd2 Kd6 39.Be8 a6 40.Ba4 Ba2 41.Kd3 Ke5
42.Bb5 Bb1+ 43.Kd2 Kd6 44.Bxa6 Kc6 45.b5+ Kc5 46.b6 Kc6 47.Bd3 1-0

[Event "2nd GMA World Cup prel  #2"]
[Site "Moscow URS"]
[Date "1989.??.??"]
[Round "9"]
[White "Fishbein, Alexander"]
[Black "Gligoric, Svetozar"]
[Result "0-1"]
[WhiteElo "2490"]
[BlackElo "2505"]
[EventDate "1989.05.??"]
[PlyCount "150"]

1.e4 c5 2.Nf3 d6 3.d4 cxd4 4.Nxd4 Nf6 5.Nc3 a6 6.Be2 e6 7.O-O Be7 8.f4 Qc7
9.a4 O-O 10.Kh1 Nc6 11.Be3 Re8 12.Bf3 Rb8 13.g4 Nxd4 14.Bxd4 e5 15.fxe5 
dxe5 16.Ba7 Ra8 17.g5 Rd8 18.Qe2 Ne8 19.Be3 Be6 20.Qf2 Rdc8 21.Bg4 Nd6 22.
Bxe6 fxe6 23.g6 Bf6 24.Qg2 Qe7 25.Rf3 Nc4 26.Bc1 hxg6 27.b3 Na5 28.Qxg6 
Qf7 29.Qg4 Nc6 30.Bg5 Nd4 31.Rxf6 gxf6 32.Bxf6+ Kf8 33.Qh4 Ke8 34.Rg1 Nf3 
35.Qh8+ Kd7 36.Rg7 Rxh8 37.Rxf7+ Ke8 38.Re7+ Kf8 39.Kg2 Rh6 40.Rxe6 Kf7 
41.Re7+ Kf8 42.Re6 Nh4+ 43.Kg3 Kf7 44.Re7+ Kxf6 45.Nd5+ Kg6 46.Re6+ Kh7 
47.Rxh6+ Kxh6 48.Kxh4 Rg8 49.Ne3 Rg1 50.Ng4+ Kg7 51.Kg5 Rg2 52.h4 Rxc2 53.
Nxe5 Rb2 54.Nd7 Rxb3 55.Nc5 Rb1 56.Kf4 a5 57.Ke3 b6 58.Nd7 b5 59.Nc5 Rb4 
60.axb5 a4 61.Nd3 Rb1 62.Kd2 a3 63.Nc1 a2 64.Nxa2 Rb2+ 65.Kd3 Rxa2 66.Kd4 
Kf7 67.Kc5 Ke7 68.Kc6 Rc2+ 69.Kb7 Kd7 70.b6 Re2 71.h5 Rxe4 72.h6 Re8 73.
Ka6 Kc6 74.b7 Kc7 75.h7 Kb8 0-1

[Event "2nd GMA World Cup prel  #2"]
[Site "Moscow URS"]
[Date "1989.??.??"]
[Round "9"]
[White "Olafsson, Helgi"]
[Black "Kuzmin, Alexei"]
[Result "1/2-1/2"]
[WhiteElo "2520"]
[BlackElo "2465"]
[EventDate "1989.05.??"]
[PlyCount "48"]

1.d4 Nf6 2.c4 g6 3.Nc3 Bg7 4.e4 d6 5.Bd3 O-O 6.Nge2 c5 7.d5 e6 8.O-O exd5 
9.exd5 Ng4 10.Bc2 Qh4 11.Bf4 Ne5 12.b3 Na6 13.Rc1 f5 14.Qd2 Qe7 15.Rce1 
Bd7 16.Bg5 Bf6 17.Bxf6 Qxf6 18.f4 Nf7 19.a3 Rfe8 20.Bd3 Re7 21.Nc1 Rae8 
22.Rxe7 Rxe7 23.Rf2 Nc7 24.Re2 Rxe2 1/2-1/2

[Event "2nd GMA World Cup prel  #2"]
[Site "Moscow URS"]
[Date "1989.??.??"]
[Round "9"]
[White "Petrosian, Arshak"]
[Black "Dizdarevic, Emir"]
[Result "1/2-1/2"]
[WhiteElo "2475"]
[BlackElo "2510"]
[EventDate "1989.05.??"]
[PlyCount "33"]

1.d4 Nf6 2.Nf3 e6 3.c4 b6 4.a3 Ba6 5.Qc2 Bb7 6.Nc3 c5 7.e4 cxd4 8.Nxd4 Bc5
9.Nb3 Nc6 10.Bg5 h6 11.Bh4 Nd4 12.Nxd4 Bxd4 13.Bd3 Qb8 14.Bg3 Be5 15.O-O-O
O-O 16.Kb1 Rc8 17.Qe2 1/2-1/2

[Event "2nd GMA World Cup prel  #2"]
[Site "Moscow URS"]
[Date "1989.??.??"]
[Round "9"]
[White "Sunye Neto, Jaime"]
[Black "Inkiov, Ventzislav"]
[Result "0-1"]
[WhiteElo "2510"]
[BlackElo "2470"]
[EventDate "1989.05.??"]
[PlyCount "100"]

1.c4 e6 2.Nf3 Nf6 3.g3 d5 4.Bg2 dxc4 5.O-O Nbd7 6.Qa4 a6 7.Qxc4 b5 8.Qc2 
Bb7 9.a4 c5 10.Nc3 Qb6 11.d3 Be7 12.Qb3 b4 13.Nd1 O-O 14.Ne3 a5 15.Nc4 Qa6
16.Bg5 Nd5 17.Rac1 Rac8 18.Rc2 h6 19.Bxe7 Nxe7 20.Nfe5 Nxe5 21.Bxb7 Qxb7 
22.Nxe5 Nf5 23.e3 h5 24.Rfc1 h4 25.Rxc5 h3 26.e4 Nd4 27.Qd1 Rxc5 28.Rxc5 
Rc8 29.Rxc8+ Qxc8 30.Nc4 b3 31.Qh5 Qd7 32.Kf1 Nc2 33.Ke2 Nb4 34.Qf3 Qxa4 
35.e5 Nc6 36.Qg4 Qb5 37.Qxh3 a4 38.Qh4 a3 39.Nxa3 Qxe5+ 40.Kf1 Qxb2 41.Qa4
Qc1+ 42.Kg2 b2 43.Qc4 g6 44.h4 Ne7 45.Qb4 Nd5 46.Qb8+ Kg7 47.Qe5+ Kh7 48.
Qb8 Qa1 49.Qf8 Qxa3 50.Qxf7+ Kh8 0-1

[Event "2nd GMA World Cup prel  #2"]
[Site "Moscow URS"]
[Date "1989.??.??"]
[Round "9"]
[White "Timoschenko, Gennady"]
[Black "Tseshkovsky, Vitaly"]
[Result "1-0"]
[WhiteElo "2460"]
[BlackElo "2520"]
[EventDate "1989.05.??"]
[PlyCount "59"]

1.d4 Nf6 2.c4 g6 3.Nc3 d5 4.cxd5 Nxd5 5.e4 Nxc3 6.bxc3 Bg7 7.Bc4 c5 8.Ne2 
O-O 9.O-O Nc6 10.Be3 Bd7 11.Rb1 Na5 12.Bd3 e5 13.dxe5 Qc7 14.f4 Rad8 15.
Nc1 b6 16.Qe2 Rfe8 17.Bf2 g5 18.Bg3 c4 19.Bc2 gxf4 20.Bh4 Qc5+ 21.Kh1 Rc8 
22.Bf6 Bxf6 23.exf6 Rcd8 24.Rxf4 Qg5 25.Qf3 h5 26.Ne2 Bg4 27.Qg3 Re5 28.
Nd4 Bd7 29.Qe3 Ree8 30.h4 1-0

[Event "2nd GMA World Cup prel  #2"]
[Site "Moscow URS"]
[Date "1989.??.??"]
[Round "9"]
[White "Smagin, Sergei"]
[Black "Tunik, Gennady"]
[Result "1/2-1/2"]
[WhiteElo "2540"]
[BlackElo "2435"]
[EventDate "1989.05.??"]
[PlyCount "37"]

1.e4 c5 2.Nf3 e6 3.c3 d5 4.exd5 Qxd5 5.d4 Nf6 6.Na3 Qd8 7.Bf4 Nc6 8.dxc5 
Bxc5 9.Qxd8+ Kxd8 10.Rd1+ Ke7 11.Nc4 Nd5 12.Bg3 a5 13.Nfd2 f5 14.a4 Kf6 
15.Bd6 Bxd6 16.Nxd6 Ne5 17.N2c4 Nxc4 18.Bxc4 Rd8 19.Nxc8 1/2-1/2

[Event "2nd GMA World Cup prel  #2"]
[Site "Moscow URS"]
[Date "1989.??.??"]
[Round "9"]
[White "Vasiukov, Evgeny"]
[Black "Popchev, Milko"]
[Result "1-0"]
[WhiteElo "2510"]
[BlackElo "2465"]
[EventDate "1989.05.??"]
[PlyCount "91"]

1.e4 d6 2.d4 Nf6 3.Nc3 g6 4.Nf3 Bg7 5.Be2 O-O 6.O-O Bg4 7.Be3 Nc6 8.d5 
Bxf3 9.Bxf3 Ne5 10.Be2 c6 11.a4 Qa5 12.Ra3 Rfb8 13.Qd2 Rc8 14.Rb3 Rab8 15.
Qd4 c5 16.Qd1 a6 17.f3 Ned7 18.Kh1 Ne8 19.Bd2 c4 20.Ra3 Qd8 21.a5 e6 22.
dxe6 fxe6 23.Be3 Rc6 24.Ra4 Rbc8 25.Qd2 Nef6 26.Rd1 Qe7 27.Rb4 Ne5 28.Rb6 
Nf7 29.Rxc6 Rxc6 30.f4 Qc7 31.Bb6 Qb8 32.g3 Qe8 33.Bf3 e5 34.Kg2 Bh6 35.
Be3 Rc7 36.Qe2 Bg7 37.Bb6 Rc8 38.f5 Qe7 39.g4 gxf5 40.gxf5 Bh6 41.Kh1 Kh8 
42.Rg1 Bf4 43.Bf2 Qf8 44.Bh4 Qh6 45.Qg2 Rf8 46.Be2 1-0

[Event "2nd GMA World Cup prel  #2"]
[Site "Moscow URS"]
[Date "1989.??.??"]
[Round "9"]
[White "Shirov, Alexei"]
[Black "Malaniuk, Vladimir"]
[Result "1-0"]
[WhiteElo "2450"]
[BlackElo "2520"]
[EventDate "1989.05.??"]
[PlyCount "91"]

1.d4 f5 2.Nf3 g6 3.g3 Nf6 4.Bg2 d6 5.O-O Bg7 6.c4 O-O 7.Nc3 Qe8 8.b3 h6 9.
Nd5 Nxd5 10.cxd5 Qf7 11.Bd2 c6 12.Qc1 g5 13.h4 g4 14.Ne1 h5 15.Bh6 cxd5 
16.Bxg7 Kxg7 17.Nd3 Kh7 18.Nf4 e6 19.Qa3 Rd8 20.Rac1 Nc6 21.Rfd1 a5 22.Rd3
Ra6 23.e3 Kh6 24.Rdc3 Rb6 25.Bf1 Qe7 26.Nd3 Ra6 27.Nf4 Ra7 28.Qb2 Bd7 29.
Qd2 Kh7 30.Bb5 Be8 31.a4 Raa8 32.Qb2 Rac8 33.Qd2 Rb8 34.R3c2 Rdc8 35.Rc3 
Kg7 36.R3c2 Kf6 37.e4 dxe4 38.d5 Ne5 39.Rxc8 Rxc8 40.Rxc8 Nf3+ 41.Kg2 Nxd2
42.Rxe8 Qc7 43.dxe6 Ke5 44.e7 Qc3 45.Be2 Nf3 46.Rg8 1-0

[Event "2nd GMA World Cup prel  #2"]
[Site "Moscow URS"]
[Date "1989.??.??"]
[Round "9"]
[White "Oll, Lembit"]
[Black "Ulibin, Mikhail"]
[Result "1/2-1/2"]
[WhiteElo "2510"]
[BlackElo "2445"]
[EventDate "1989.05.??"]
[PlyCount "29"]

1.d4 Nf6 2.c4 e6 3.Nf3 Bb4+ 4.Bd2 Qe7 5.g3 b6 6.Bg2 Bb7 7.O-O Bxd2 8.Qxd2 
d6 9.Nc3 Ne4 10.Nxe4 Bxe4 11.d5 e5 12.Qe3 Bxf3 13.exf3 O-O 14.f4 Nd7 15.
Rfe1 1/2-1/2

[Event "2nd GMA World Cup prel  #2"]
[Site "Moscow URS"]
[Date "1989.??.??"]
[Round "9"]
[White "Rogers, Ian"]
[Black "Lautier, Joel"]
[Result "0-1"]
[WhiteElo "2505"]
[BlackElo "2450"]
[EventDate "1989.05.??"]
[PlyCount "100"]

1.d4 Nf6 2.Nf3 g6 3.Nc3 d5 4.Bf4 Bg7 5.e3 O-O 6.Be2 c5 7.dxc5 Qa5 8.Nd2 
Qxc5 9.Nb3 Qb6 10.O-O Nc6 11.a4 a5 12.Bf3 Be6 13.Nb5 Rac8 14.c3 h6 15.h3 
Bf5 16.Rc1 e5 17.Bh2 Rfd8 18.Nd2 Be6 19.Qe1 Qc5 20.Bd1 Qe7 21.f4 Nd7 22.
Bc2 Nc5 23.Nf3 exf4 24.Bxf4 Ne4 25.Rd1 Bf5 26.Nfd4 Nxd4 27.exd4 Rc6 28.Bb3
h5 29.Qe3 Rd7 30.Rde1 Re6 31.Qc1 Qd8 32.Qd1 h4 33.Ba2 Bf6 34.Qc1 Rde7 35.
Re3 Ng3 36.Rxe6 Rxe6 37.Bxg3 hxg3 38.Qd1 Re3 39.Qd2 Bg5 40.Qd1 Bd3 41.Re1 
Bc2 42.Qa1 Qe7 43.Rf1 Re2 44.Bxd5 Be4 45.Rxf7 Be3+ 46.Kf1 Bxd5 47.Rxe7 
Rf2+ 48.Kg1 Rxg2+ 49.Kf1 Rg1+ 50.Ke2 Rxa1 0-1

[Event "2nd GMA World Cup prel  #2"]
[Site "Moscow URS"]
[Date "1989.??.??"]
[Round "9"]
[White "Zapata, Alonso"]
[Black "Klaric, Zlatko"]
[Result "1-0"]
[WhiteElo "2490"]
[BlackElo "2445"]
[EventDate "1989.05.??"]
[PlyCount "101"]

1.e4 e5 2.Nf3 Nc6 3.Bb5 Nd4 4.Nxd4 exd4 5.O-O Bc5 6.c3 c6 7.Bc4 d5 8.exd5 
cxd5 9.Bd3 Qh4 10.Bb5+ Kf8 11.b3 Nf6 12.Ba3 Bxa3 13.Nxa3 a6 14.Bd3 Bg4 15.
f3 Bd7 16.Nc2 dxc3 17.dxc3 Rc8 18.Qd2 g6 19.Nd4 Kg7 20.Rfe1 Rhe8 21.Rxe8 
Rxe8 22.g3 Qh6 23.Qxh6+ Kxh6 24.Kf2 Kg7 25.a4 h5 26.b4 Kf8 27.a5 Rc8 28.
Rc1 Re8 29.h4 Ke7 30.Re1+ Kd6 31.Rxe8 Nxe8 32.Ke3 Nc7 33.Kf4 Nb5 34.Bxb5 
axb5 35.g4 hxg4 36.fxg4 f6 37.g5 Ke7 38.Nb3 Kf7 39.Ke3 fxg5 40.hxg5 Ke7 
41.Nc5 Bc8 42.Kd3 Kd6 43.Kd4 Kc6 44.Ke5 b6 45.axb6 Kxb6 46.Kxd5 Bg4 47.Kd6
Bd1 48.Nd7+ Kb7 49.Kc5 Ka6 50.Nf8 Bc2 51.Ne6 1-0

[Event "2nd GMA World Cup prel  #2"]
[Site "Moscow URS"]
[Date "1989.??.??"]
[Round "9"]
[White "Tseitlin, Mark"]
[Black "Malisauskas, Vidmantas"]
[Result "1/2-1/2"]
[WhiteElo "2430"]
[BlackElo "2500"]
[EventDate "1989.05.??"]
[PlyCount "116"]

1.e4 c5 2.Nf3 d6 3.d4 cxd4 4.Nxd4 Nf6 5.Nc3 a6 6.Bg5 e6 7.f4 Be7 8.Qf3 Qc7
9.O-O-O Nbd7 10.Bxf6 Nxf6 11.g4 Nd7 12.g5 Nc5 13.h4 b5 14.f5 b4 15.fxe6 
bxc3 16.exf7+ Kf8 17.Qxc3 Qb6 18.Bh3 Nxe4 19.Qf3 d5 20.Bxc8 Rxc8 21.Qf5 
Bxg5+ 22.hxg5 Rb8 23.b3 Qd6 24.Kb2 g6 25.Qh3 Kxf7 26.Rhf1+ Kg8 27.Qe6+ 
Qxe6 28.Nxe6 Re8 29.Nc7 Re5 30.Nxd5 Nxg5 31.Nf6+ Kg7 32.Rd7+ Nf7 33.Nxh7 
Kxh7 34.Rdxf7+ Kh6 35.Ra7 a5 36.Ra6 Rhe8 37.Rh1+ Kg7 38.Rg1 R8e6 39.Rxe6 
Rxe6 40.Rg5 Ra6 41.a4 Kh6 42.Rg1 g5 43.c3 Kh5 44.Ra1 g4 45.b4 g3 46.b5 Rf6
47.c4 Kg4 48.Kc3 g2 49.Rg1 Kg3 50.c5 Rf1 51.Rxg2+ Kxg2 52.b6 Rb1 53.Kd4 
Kf3 54.Kd5 Rd1+ 55.Ke5 Rb1 56.Kd5 Rd1+ 57.Ke6 Rb1 58.Kd5 Rd1+ 1/2-1/2

[Event "2nd GMA World Cup prel  #2"]
[Site "Moscow URS"]
[Date "1989.??.??"]
[Round "9"]
[White "Savon, Vladimir"]
[Black "Farago, Ivan"]
[Result "1/2-1/2"]
[WhiteElo "2425"]
[BlackElo "2495"]
[EventDate "1989.05.??"]
[PlyCount "61"]

1.Nf3 Nf6 2.c4 c5 3.d4 cxd4 4.Nxd4 e6 5.e3 Bb4+ 6.Bd2 Be7 7.Be2 O-O 8.O-O 
d6 9.Nc3 Nc6 10.Rc1 Bd7 11.Nf3 Qb8 12.e4 a6 13.Bf4 b6 14.Rc2 Rd8 15.Rd2 
Be8 16.Qb1 h6 17.Rc1 Ng4 18.Ne1 Nge5 19.Be3 Na5 20.b3 b5 21.f4 Ng6 22.cxb5
axb5 23.Nf3 b4 24.Nd1 d5 25.e5 Nc6 26.Nf2 d4 27.Nxd4 Nxd4 28.Rxd4 Rxd4 29.
Bxd4 Nxf4 30.Bf3 Ra5 31.Qc2 1/2-1/2

[Event "2nd GMA World Cup prel  #2"]
[Site "Moscow URS"]
[Date "1989.??.??"]
[Round "9"]
[White "Gurevich, Dmitry"]
[Black "Szekely, Peter"]
[Result "1-0"]
[WhiteElo "2480"]
[BlackElo "2420"]
[EventDate "1989.05.??"]
[PlyCount "75"]

1.d4 Nf6 2.c4 e6 3.g3 Bb4+ 4.Nd2 d5 5.Bg2 O-O 6.Nf3 dxc4 7.O-O c3 8.Nc4 
Nc6 9.Qb3 cxb2 10.Bxb2 Be7 11.Rfd1 Rb8 12.Nfe5 Bd7 13.Nxd7 Nxd7 14.Bxc6 
bxc6 15.Qc2 Rb5 16.a4 Rh5 17.Qe4 Nf6 18.Qxc6 Qd5 19.Qxd5 Rxd5 20.Ne5 Ra8 
21.Nc6 Kf8 22.f3 Rd7 23.e4 Ke8 24.Rab1 Ng8 25.Ba1 Bd6 26.Rdc1 f6 27.Nb8 
Rf7 28.e5 Bf8 29.f4 fxe5 30.fxe5 Kd8 31.Rc6 Re7 32.Ra6 Rf7 33.Rxe6 Ne7 34.
Ra6 Rf3 35.e6 Kc8 36.Nd7 Kd8 37.Kg2 Rf5 38.Rb5 1-0

[Event "2nd GMA World Cup prel  #2"]
[Site "Moscow URS"]
[Date "1989.??.??"]
[Round "9"]
[White "Reshevsky, Samuel"]
[Black "Shamkovich, Leonid"]
[Result "1/2-1/2"]
[WhiteElo "2450"]
[BlackElo "2450"]
[EventDate "1989.05.??"]
[PlyCount "20"]

1.Nf3 Nf6 2.d4 e6 3.g3 b6 4.Bg2 Bb7 5.c4 Be7 6.O-O O-O 7.Nc3 Ne4 8.Bd2 d5 
9.cxd5 exd5 10.Rc1 Nd7 1/2-1/2

[Event "2nd GMA World Cup prel  #2"]
[Site "Moscow URS"]
[Date "1989.??.??"]
[Round "9"]
[White "Arakhamia, Ketevan"]
[Black "Zaichik, Gennadi"]
[Result "0-1"]
[WhiteElo "2395"]
[BlackElo "2500"]
[EventDate "1989.05.??"]
[PlyCount "68"]

1.e4 c5 2.Nf3 d6 3.d4 cxd4 4.Nxd4 Nf6 5.Nc3 a6 6.Bc4 e6 7.Bb3 b5 8.O-O Be7
9.Qf3 Qb6 10.Be3 Qb7 11.Qg3 b4 12.Na4 Nbd7 13.f3 O-O 14.c3 bxc3 15.Nxc3 
Nc5 16.Qf2 Bd7 17.Rfd1 Rfc8 18.Bc4 Ncxe4 19.Bxa6 Rxa6 20.Nxe4 Nxe4 21.fxe4
Qxe4 22.Qf3 Qxf3 23.Nxf3 f6 24.b4 e5 25.Rdb1 Rb8 26.a3 Kf7 27.Nd2 d5 28.
Nb3 d4 29.Bd2 Rc8 30.Rb2 Ba4 31.Nc5 Bxc5 32.Rc1 Rac6 33.bxc5 Rxc5 34.Rxc5 
Rxc5 0-1

[Event "2nd GMA World Cup prel  #2"]
[Site "Moscow URS"]
[Date "1989.??.??"]
[Round "9"]
[White "Glek, Igor"]
[Black "Westerinen, Heikki"]
[Result "0-1"]
[WhiteElo "2475"]
[BlackElo "2400"]
[EventDate "1989.05.??"]
[PlyCount "104"]

1.d4 d5 2.c4 dxc4 3.e4 e5 4.Nf3 exd4 5.Bxc4 Bb4+ 6.Nbd2 Nc6 7.O-O Be6 8.
Bxe6 fxe6 9.Nb3 d3 10.Bg5 Nge7 11.a3 Bd6 12.Re1 h6 13.Bxe7 Bxe7 14.Re3 O-O
15.Rxd3 Qe8 16.Qc2 Qg6 17.Re1 Rf4 18.g3 Raf8 19.Qe2 a5 20.Kh1 R4f7 21.Kg2 
Qh5 22.e5 a4 23.Nbd2 Bc5 24.Qe4 Qf5 25.Rc3 Bb6 26.Qxa4 Rd7 27.Qc2 Qh5 28.
Re4 Rd5 29.Rh4 Qe8 30.Nc4 Nd4 31.Nxd4 Bxd4 32.Ne3 c5 33.f4 Bxe3 34.Rxe3 
Qd7 35.Re2 Rd8 36.Kh3 Rd3 37.Qxc5 Rc8 38.Qf2 Qf7 39.f5 exf5 40.e6 Qf6 41.
e7 Re8 42.Qc5 Rd7 43.Rh5 g5 44.Qc4+ Kg7 45.Qe6 Qg6 46.g4 fxg4+ 47.Kg2 
Rdxe7 48.Qxe7+ Rxe7 49.Rxe7+ Kf8 50.Rxh6 Qxh6 51.Re3 Qc6+ 52.Kg3 Qd6+ 0-1

[Event "2nd GMA World Cup prel  #2"]
[Site "Moscow URS"]
[Date "1989.??.??"]
[Round "9"]
[White "Spiridonov, Nikola"]
[Black "Geller, Efim"]
[Result "1-0"]
[WhiteElo "2390"]
[BlackElo "2480"]
[EventDate "1989.05.??"]
[PlyCount "85"]

1.c4 e6 2.g3 d5 3.Nf3 Nf6 4.Bg2 Be7 5.O-O O-O 6.d4 dxc4 7.Qc2 a6 8.Qxc4 b5
9.Qc2 Bb7 10.Bg5 Nbd7 11.Bxf6 Nxf6 12.Nbd2 Rc8 13.Nb3 Be4 14.Qc3 Nd5 15.
Qd2 c5 16.Nxc5 Bxc5 17.dxc5 Rxc5 18.Rac1 Rxc1 19.Rxc1 Qa8 20.Qd4 Nf6 21.h3
h6 22.Rc7 Rc8 23.Rxc8+ Qxc8 24.Ne5 Bxg2 25.Kxg2 Qc7 26.Nd3 Qc2 27.Nf4 Qc7 
28.Nd3 Qc2 29.e3 Qc6+ 30.Kg1 Ne4 31.h4 Nd2 32.Qd8+ Kh7 33.Ne5 Qc1+ 34.Kh2 
Nf1+ 35.Kh3 Nxe3 36.Qd3+ f5 37.Kh2 Nd5 38.Qe2 Nf6 39.b3 Qc5 40.Nd3 Ng4+ 
41.Qxg4 Qc2 42.Qf3 Qxa2 43.Nc5 1-0

[Event "2nd GMA World Cup prel  #2"]
[Site "Moscow URS"]
[Date "1989.??.??"]
[Round "9"]
[White "Lukov, Valentin"]
[Black "Zaitsev, Igor"]
[Result "1/2-1/2"]
[WhiteElo "2470"]
[BlackElo "2390"]
[EventDate "1989.05.??"]
[PlyCount "115"]

1.Nf3 d5 2.c4 e6 3.g3 Nf6 4.Bg2 Be7 5.O-O O-O 6.b3 a5 7.Nc3 Bd7 8.Rb1 Na6 
9.Bb2 c6 10.d4 Be8 11.Ne5 b5 12.c5 b4 13.Na4 Nc7 14.a3 bxa3 15.Bxa3 Nb5 
16.Ra1 Ne4 17.Bb2 f6 18.Nd3 Qb8 19.f3 Ng5 20.Nb6 Ra6 21.b4 Rxb6 22.cxb6 
axb4 23.Ra6 e5 24.Nc5 Bxc5 25.dxc5 Ne6 26.Qc1 Qb7 27.Ra4 Qe7 28.Rxb4 Nd8 
29.Qc2 d4 30.Rc1 Bg6 31.Qa4 Qd7 32.Qa6 Bf7 33.f4 Bd5 34.Bxd5+ Qxd5 35.Rxb5
cxb5 36.Qxb5 Nc6 37.Qc4 Qxc4 38.Rxc4 Kf7 39.f5 g6 40.fxg6+ hxg6 41.e3 Ke6 
42.exd4 Kd5 43.Ra4 exd4 44.b7 d3 45.Ra3 Kc4 46.Rc3+ Kd4 47.Kf2 Re8 48.Ra3+
Kc4 49.Bxf6 d2 50.Rc3+ Kb4 51.Rd3 Rf8 52.Ke2 Rxf6 53.Kxd2 Rf8 54.Rd6 Kxc5 
55.Rxg6 Kb6 56.Rg7 Rf2+ 57.Ke3 Rxh2 58.g4 1/2-1/2

[Event "2nd GMA World Cup prel  #2"]
[Site "Moscow URS"]
[Date "1989.??.??"]
[Round "9"]
[White "Kupreichik, Viktor"]
[Black "Veroci-Petronic, Zsuzsa"]
[Result "1-0"]
[WhiteElo "2520"]
[BlackElo "2335"]
[EventDate "1989.05.??"]
[PlyCount "55"]

1.e4 e5 2.Nf3 Nc6 3.Bb5 a6 4.Ba4 Nf6 5.O-O Be7 6.Re1 b5 7.Bb3 d6 8.a4 Bg4 
9.c3 O-O 10.d3 Na5 11.Bc2 c5 12.Nbd2 Nc6 13.h3 Be6 14.Nf1 Qc7 15.Ng3 d5 
16.Ng5 Bd7 17.d4 dxe4 18.d5 Rad8 19.dxc6 Bg4 20.hxg4 Rxd1 21.Rxd1 Qxc6 22.
Nf5 Qc7 23.axb5 axb5 24.Ra6 Re8 25.Nxe4 Nxg4 26.f3 Nf6 27.Nxe7+ Qxe7 28.
Bg5 1-0

[Event "2nd GMA World Cup prel  #2"]
[Site "Moscow URS"]
[Date "1989.??.??"]
[Round "9"]
[White "Spasov, Luben"]
[Black "Panchenko, Alexander"]
[Result "1/2-1/2"]
[WhiteElo "2375"]
[BlackElo "2465"]
[EventDate "1989.05.??"]
[PlyCount "24"]

1.Nf3 Nf6 2.c4 c6 3.d4 d5 4.cxd5 cxd5 5.Nc3 Nc6 6.Bf4 Bf5 7.e3 e6 8.Bd3 
Bxd3 9.Qxd3 Bd6 10.Bxd6 Qxd6 11.O-O O-O 12.Rac1 Rfc8 1/2-1/2

[Event "2nd GMA World Cup prel  #2"]
[Site "Moscow URS"]
[Date "1989.??.??"]
[Round "9"]
[White "Makarichev, Sergei"]
[Black "Galliamova, Alisa"]
[Result "1-0"]
[WhiteElo "2500"]
[BlackElo "2325"]
[EventDate "1989.05.??"]
[PlyCount "103"]

1.c4 Nf6 2.Nc3 c5 3.Nf3 e6 4.e3 d5 5.d4 Nc6 6.cxd5 exd5 7.Be2 Bd6 8.dxc5 
Bxc5 9.O-O a6 10.a3 O-O 11.b4 Ba7 12.b5 d4 13.bxc6 dxc3 14.Qb3 Be6 15.Qxc3
Rc8 16.Qb2 b5 17.a4 bxa4 18.Qb7 Bb8 19.Rxa4 a5 20.Ba3 Bd5 21.Bxf8 Bxc6 22.
Be7 Qe8 23.Qb2 Bxa4 24.Bxf6 gxf6 25.Qxf6 Rc5 26.Bd3 Qd7 27.Ng5 Be5 28.
Bxh7+ Kf8 29.Qf3 Bxh2+ 30.Kxh2 Rxg5 31.Rb1 Qd6+ 32.Kg1 Bc6 33.Be4 Bxe4 34.
Qxe4 Rh5 35.g3 Qd5 36.Rb8+ Kg7 37.Qxd5 Rxd5 38.Rb6 Rd2 39.Ra6 Ra2 40.Kg2 
a4 41.g4 a3 42.g5 Ra1 43.Kf3 Kh7 44.e4 Kg7 45.Kf4 Rf1 46.f3 Ra1 47.Kf5 a2 
48.f4 Kh7 49.Ra8 Kg7 50.e5 Rb1 51.Rxa2 Rb6 52.Rd2 1-0